Visualizzazione normale
Vista MARC
- Brahm John
di Personal Name
Records bibliografici associati: 1
001 - CONTROL NUMBER
- control field: 54301
003 - CONTROL NUMBER IDENTIFIER
- control field: IT-RoPau
005 - DATE AND TIME OF LATEST TRANSACTION
- control field: 20151203171034.0
008 - FIXED-LENGTH DATA ELEMENTS
- fixed length control field: 151203|| aca||aabn | a|a d
040 ## - CATALOGING SOURCE
- Original cataloging agency: IT-RoPau
- Transcribing agency: IT-RoPau
100 ## - HEADING--PERSONAL NAME
- Personal name: Brahm John
- Relator term: (regista)
- Miscellaneous information: Codice regista SPICS: 38721
670 ## - SOURCE DATA FOUND
- Source citation: Work cat.: (IT-RoPau)108017: Brahm John Codice regista SPICS: 38721 54299, NOSTRA SIGNORA DI FATIMA NOSTRA SIGNORA DI FATIMA (Rif. Codice opera principale : V0901)